Marcatori del Portogallo ai Mondiali - Sudafrica 2010 - Statistics

Statistiche generali
  • Questo quiz è stato fatto 6 volte
  • Il punteggio medio è 2 su 7
Statistiche sulle risposte
Partita Minuto Marcatore % Corretto
Portogallo - Corea del Nord 7-0 87' Cristiano Ronaldo
100%
Portogallo - Corea del Nord 7-0 56' Hugo Almeida
40%
Portogallo - Corea del Nord 7-0 53' Simão
40%
Portogallo - Corea del Nord 7-0 60' Tiago
20%
Portogallo - Corea del Nord 7-0 89' Tiago
20%
Portogallo - Corea del Nord 7-0 81' Liédson
0%
Portogallo - Corea del Nord 7-0 29' Raul Meireles
0%
Nessun quiz corrispondente trovato
Distribuzione punteggi
Percentuale di utenti per punteggio
Percentile per numero di risposta
I tuoi punteggi nel tempo
Non hai fatto questo quiz